| 000 | 00978nam a2200289 4500 | ||
|---|---|---|---|
| 003 | EG-GICUC | ||
| 005 | 20260121101347.0 | ||
| 008 | 251126s1993 fr ||||fr|||| 00| 0 fre d | ||
| 040 |
_a EG-GICUC _bfre _c EG-GICUC _d EG-GICUC _erda |
||
| 041 | 0 | _afre | |
| 082 | 0 | 4 |
_221 _a341.851 _bSC . P |
| 092 | 0 | 4 | _221 |
| 099 | _aLaw1 12 341.851 SC . P 1993 | ||
| 100 | 1 |
_aScelle, Georges _eAuteur |
|
| 245 | 1 | 0 |
_aPrécis de Droit des gens Principes et systématique. _nDeuxième partie, _pDroit constitutionnel international / _cGeorges Scelle . |
| 264 | 1 |
_aParis : _bLibrairie Du recueil Sirey, _c1993. |
|
| 300 |
_a558 Pages; _c24 cm. |
||
| 336 |
_2rda content _atext |
||
| 337 |
_2rda media _aComputer |
||
| 338 |
_2rda carrier _aOnline Resource |
||
| 546 | _aTexte en français | ||
| 650 | 1 | _aDroit international privé | |
| 650 | 1 | _aArbitrage international | |
| 856 | 4 | 0 | _uhttps://fll.law.cu.edu.eg/fulltext/bks/B12-01485.pdf |
| 905 |
_a59 _eHassnaa |
||
| 942 |
_2ddc _n0 _cBK _e21 |
||
| 999 |
_c46199 _d46199 |
||